Mince Františka Josefa I. a Karla I. (1848-1918) /

Hlavní autor: Moravec, Jaroslav, 1966-
Jazyk: Čeština
Vydáno: Praha : Jaroslav Moravec, 1990
Vydání: 1. vyd.
Témata:
Fyzický popis: 154 s.
Knihy
Uloženo v:
LEADER 00813nam a22002532a 4500
001 000288212
003 CZ BrMZK
005 20211018080414.0
007 ta
008 980105s1990 xr f cze d
015 |a cnb000057601 
040 |a BOA001  |b cze 
080 9 |a 737.1(436)"19" 
100 1 |a Moravec, Jaroslav,  |d 1966-  |7 jx20040721039  |4 aut 
245 1 0 |a Mince Františka Josefa I. a Karla I. (1848-1918) /  |c Jaroslav Moravec 
250 |a 1. vyd. 
260 |a Praha :  |b Jaroslav Moravec,  |c 1990 
300 |a 154 s. 
504 |a Obsahuje bibliografii 
910 |a BOA001  |b 2-0966.136 
964 |a František Josef I., císař rakouský - mince 
964 |a Karel I., císař rakouský - mince 
990 |a BK 
996 6 |b 2619862395  |c 2-0966.136  |l MZK  |r Sklad / do 1 hodiny  |n 3  |w 000288212  |u 000010  |a 1  |e BOA001  |j MZK50  |s P